000 00415 a2200157 4500
020 _a9706668853
020 _a9789706668851
041 _aspa
100 _aTwain, Mark
245 _aEl principe y el mendigo / Mark Twain ; traduccion Luis Rutiaga.
260 _aMexico : Grupo Editorial Tomo, 2014.
300 _a237 pages ;
_c19 cm.
440 _aClasicos juveniles.
700 _aRutiaga, Luis
942 _cBK
999 _c2479
_d2479